000 00555nam a22001817a 4500
005 20251108173248.0
008 250721s2006 xx 000 0 ara d
082 1 4 _a922.1661/ فهد
100 1 _aفهد، بدري محمد
245 1 0 _aالقاضي شريح الكوفي (سيرته و أدبه و فقهه و قضاؤه) /
264 1 _aعمان :
_bجهينة للنشر و التوزيع،
_c2006.
300 _a272ص
650 1 7 _aالقضاة
650 1 7 _aالإسلام
650 1 7 _aالتراجم
942 _2ddc
_cBK
999 _c99800
_d99800